Vocabulaire allemand - Statistiques

Statistiques générales
  • Ce quiz a été pris 116 fois
  • Le résultat moyen est 9 sur 46
Statistiques - réponses
Vocabulaire Traduction % Correct
Das recht le droit
77%
die küche la cuisine
70%
mehr plus
68%
Kinder les enfants
63%
weniger moins
59%
die Demonstration la manifestation
56%
wählen voter
43%
Geld verdienen gagner de l'argent
42%
das Wahlrecht le droit de vote
42%
Der Unterschied la différence
41%
die Finanzen les finances
39%
sich diskriminiert fühlen se sentir discriminé
38%
machen= kochen cuisiner
32%
statt/finden avoir lieu
28%
der Lohn le salaire
27%
das Banner la banniere
26%
bezahlt sein être payé
23%
einen Beruf aus/üben exercer un métier
15%
halten tenir
15%
das Geschirr la vaisselle
14%
Das Geschirr spülen faire la vaisselle
13%
die Aufgaben les tâches
11%
der Haushalt le ménage
9%
den Haushalt le ménage
9%
die Forderung la revendication
6%
machen/ fuhren diriger
5%
die Wäsche la lessive
5%
das Schild la pancarte
5%
fordern revendiquer
5%
jemandem untergeordnet sein etre soumis à
2%
den Müll les ordures
2%
die Verantwortung responsabilités
2%
die Gleichberechtigung l'égaliter des droits
1%
putzen= sauber machen nettoyer , rendre propre
1%
für etwas kämpfen sa battre pour
1%
die hausaufgaben rausbringen aider pour les devoirs
0%
an den Führungspositionen dans les positions de chef
0%
verlangen demander, exiger
0%
überfordert dépassé
0%
spulen faire la vaiselle
0%
waschen und buglen faire le repassage
0%
nachprufen faire les chèques
0%
runterbringen jeter
0%
den Boden nettoyer le sol
0%
die Hausarbeit übernehmen prendre en charge les tâches ménagères
0%
ernähren/betreuen prendre soin de
0%
Aucun quiz correspondant
Distribution des résultats
% des personnes avec chaque résultat
Percentile par nombre de réponses
Votre historique - résultats
Vous n’avez pas pris ce quiz